000 01094nam a2200301Ia 4500
003 OSt
005 20220930091416.0
006 a|||||r|||| 00| 0
007 ta
008 220926b |||||||| |||| 00| 0 eng d
024 _a5887
037 _cTheses
040 _aCRL
_cCRL
_beng
041 _2eng
_aeng
100 _aVerma Vertika Au.
_9545584
110 _aUniversity of Delhi. Faculty of Medical Sciences. Department of Gynaecology & Obstetrics
_9545585
245 0 _aClinico-laboratory study of pregnancy with severe anemia
260 _c2012
300 _a102
_ap.
_ccm.
650 _aWOMEN - DISEASES
700 _a Prof. Reva Tripathi Gu.
_9545586
700 _a Prof. Samita Kaushik Gu.
_9545587
700 _a Prof. Tejinder Singh Gu.
_9545588
700 _a Prof. Y. M. Mala Gu.
_9545589
700 _aUniversity of Delhi. Faculty of Medical Sciences. Department of Gynaecology & Obstetrics
_9545590
942 _cDIS
_2CC
999 _c882044
_d882044